[Event "Wolrd Chess Olympiad 2018"]
[Site "Batumi"]
[Date "2018.10.01"]
[Round "7"]
[Board "3"]
[WhiteFideId "20300034"]
[White "Ntagasigumwami Deo"]
[BlackFideId "11800054"]
[Black "Volpinari Danilo"]
[Result "1/2-1/2"]
[LiveChessVersion "1.4.8"]
[BlackElo "1985"]
[WhiteElo "1720"]

1. e4 {[%clk 1:30:55]} c5 {[%clk 1:30:40]} 2. Nf3 {[%clk 1:31:13]} e6
{[%clk 1:30:54]} 3. d4 {[%clk 1:30:43]} cxd4 {[%clk 1:31:18]} 4. Nxd4
{[%clk 1:30:42]} Nc6 {[%clk 1:30:29]} 5. c3 {[%clk 1:29:57]} Qc7 {[%clk 1:26:35]}
6. f4 {[%clk 1:25:47]} a6 {[%clk 1:24:28]} 7. Nb3 {[%clk 1:20:46]} d6
{[%clk 1:14:21]} 8. Be3 {[%clk 1:18:14]} Nf6 {[%clk 1:13:49]} 9. Bd3
{[%clk 1:16:36]} Be7 {[%clk 1:10:26]} 10. N1d2 {[%clk 1:14:20]} O-O
{[%clk 0:57:47]} 11. g4 {[%clk 1:10:53]} Ne8 {[%clk 0:39:34]} 12. h4
{[%clk 1:03:32]} Qd8 {[%clk 0:39:20]} 13. Nf3 {[%clk 1:02:18]} b5
{[%clk 0:25:54]} 14. Qd2 {[%clk 1:00:57]} Bb7 {[%clk 0:25:47]} 15. Qf2
{[%clk 0:58:22]} Nf6 {[%clk 0:20:46]} 16. Qg2 {[%clk 0:51:20]} Rc8
{[%clk 0:20:00]} 17. h5 {[%clk 0:49:46]} Na5 {[%clk 0:19:07]} 18. Nfd2
{[%clk 0:45:24]} Nc4 {[%clk 0:18:08]} 19. Bxc4 {[%clk 0:42:45]} bxc4
{[%clk 0:18:36]} 20. Nd4 {[%clk 0:42:14]} Nd7 {[%clk 0:18:24]} 21. N4f3
{[%clk 0:39:16]} Qa5 {[%clk 0:16:19]} 22. h6 {[%clk 0:36:39]} g6 {[%clk 0:16:23]}
23. f5 {[%clk 0:31:15]} Nc5 {[%clk 0:12:12]} 24. Bxc5 {[%clk 0:29:33]} Qxc5
{[%clk 0:12:40]} 25. Qf2 {[%clk 0:25:28]} Qxf2+ {[%clk 0:11:55]} 26. Kxf2
{[%clk 0:25:54]} Rfd8 {[%clk 0:09:50]} 27. Rae1 {[%clk 0:20:16]} e5
{[%clk 0:06:28]} 28. Kg3 {[%clk 0:17:39]} Rc5 {[%clk 0:06:20]} 29. Rh2
{[%clk 0:14:20]} Rdc8 {[%clk 0:06:21]} 30. g5 {[%clk 0:12:32]} Ra5
{[%clk 0:04:19]} 31. a3 {[%clk 0:12:42]} Rb5 {[%clk 0:04:25]} 32. Nf1
{[%clk 0:12:43]} Rbc5 {[%clk 0:03:37]} 33. f6 {[%clk 0:11:44]} Bd8
{[%clk 0:03:20]} 34. Rd2 {[%clk 0:11:15]} Bc7 1/2-1/2

[Event "Wolrd Chess Olympiad 2018"]
[Site "Batumi"]
[Date "2018.10.01"]
[Round "7"]
[Board "1"]
[WhiteFideId "15701190"]
[White "Kibrom Weldegebriel Beraki"]
[BlackFideId "11200243"]
[Black "Ayyad Husain"]
[Result "1/2-1/2"]
[LiveChessVersion "1.4.8"]
[BlackElo "2243"]
[WhiteElo "1723"]

1. d4 {[%clk 1:29:37]} Nf6 {[%clk 1:30:51]} 2. c4 {[%clk 1:29:58]} e6
{[%clk 1:31:10]} 3. Nf3 {[%clk 1:30:22]} c5 {[%clk 1:31:16]} 4. Nc3
{[%clk 1:30:21]} b6 {[%clk 1:31:04]} 5. d5 {[%clk 1:29:34]} d6 {[%clk 1:30:40]}
6. e4 {[%clk 1:29:47]} exd5 {[%clk 1:29:59]} 7. cxd5 {[%clk 1:29:28]} a6
{[%clk 1:29:59]} 8. a4 {[%clk 1:29:33]} Be7 {[%clk 1:30:25]} 9. h3
{[%clk 1:29:07]} O-O {[%clk 1:30:48]} 10. Be2 {[%clk 1:29:00]} Re8
{[%clk 1:31:07]} 11. O-O {[%clk 1:27:07]} Bf8 {[%clk 1:30:23]} 12. Qc2
{[%clk 1:23:51]} Nbd7 {[%clk 1:19:43]} 13. Bg5 {[%clk 1:22:58]} h6
{[%clk 1:17:47]} 14. Bh4 {[%clk 1:22:49]} g5 {[%clk 1:14:58]} 15. Bg3
{[%clk 1:22:59]} Nh5 {[%clk 1:15:23]} 16. Nh2 {[%clk 1:00:06]} Nxg3
{[%clk 1:08:47]} 17. fxg3 {[%clk 1:00:28]} Ne5 18. Bh5 {[%clk 0:54:36]} Bg7
{[%clk 1:09:32]} 19. Nf3 {[%clk 0:52:23]} Ra7 {[%clk 0:58:45]} 20. Ne2 Nd7 21. g4
{[%clk 0:24:39]} Nf6 {[%clk 0:59:01]} 22. Ng3 {[%clk 0:25:00]} Rae7
{[%clk 0:59:05]} 23. Rae1 {[%clk 0:25:19]} b5 {[%clk 0:58:46]} 24. b3
{[%clk 0:24:51]} Qa5 {[%clk 0:45:27]} 25. h4 {[%clk 0:23:00]} Qb4
{[%clk 0:37:28]} 26. hxg5 {[%clk 0:21:49]} Nxg4 {[%clk 0:32:20]} 27. g6
{[%clk 0:14:42]} fxg6 {[%clk 0:28:51]} 28. Bxg6 {[%clk 0:14:45]} Rf8
{[%clk 0:29:07]} 29. Bf5 {[%clk 0:10:59]} Bd4+ {[%clk 0:28:48]} 30. Kh1
{[%clk 0:10:53]} Ne3 {[%clk 0:06:19]} 31. Rxe3 {[%clk 0:11:14]} Bxe3
{[%clk 0:06:48]} 32. Bxc8 {[%clk 0:11:18]} Rxc8 {[%clk 0:06:45]} 33. Nf5
{[%clk 0:10:50]} Qxe4 {[%clk 0:04:40]} 34. Qxe4 {[%clk 0:06:12]} Rxe4
{[%clk 0:05:09]} 35. Nxd6 {[%clk 0:06:33]} Ree8 {[%clk 0:04:00]} 36. Nxc8
{[%clk 0:06:27]} Rxc8 {[%clk 0:04:28]} 37. Re1 {[%clk 0:06:36]} Bg5
{[%clk 0:04:09]} 38. Nxg5 {[%clk 0:06:18]} hxg5 {[%clk 0:04:37]} 39. Re5
{[%clk 0:06:40]} c4 {[%clk 0:04:55]} 40. Rxg5+ {[%clk 0:36:59]} Kf7
{[%clk 0:35:20]} 41. bxc4 {[%clk 0:17:19]} bxc4 {[%clk 0:35:34]} 42. Re5
{[%clk 0:16:11]} c3 {[%clk 0:33:39]} 43. Re1 {[%clk 0:16:23]} c2 {[%clk 0:34:06]}
44. Rc1 {[%clk 0:16:42]} Kf6 {[%clk 0:34:33]} 45. Kg1 {[%clk 0:09:39]} Ke5
{[%clk 0:35:02]} 46. d6 {[%clk 0:09:41]} Kxd6 {[%clk 0:33:23]} 47. Kf2
{[%clk 0:10:02]} Rc4 {[%clk 0:33:40]} 48. Ke3 {[%clk 0:10:19]} Kd5
{[%clk 0:32:47]} 49. Kd3 {[%clk 0:09:42]} Rg4 {[%clk 0:33:04]} 50. Rxc2
{[%clk 0:09:47]} Rg3+ {[%clk 0:33:22]} 51. Kd2 {[%clk 0:09:56]} Rxg2+
{[%clk 0:32:59]} 52. Kc3 {[%clk 0:10:14]} Rg4 {[%clk 0:31:13]} 53. Kb3
{[%clk 0:10:20]} Rg6 {[%clk 0:29:44]} 54. Kb4 {[%clk 0:10:06]} Rg4+
{[%clk 0:28:16]} 55. Ka5 {[%clk 0:09:53]} Rh4 {[%clk 0:28:41]} 56. Rc8
{[%clk 0:09:02]} Rg4 {[%clk 0:27:01]} 57. Ra8 {[%clk 0:08:58]} Kc6
{[%clk 0:26:54]} 58. Rxa6+ {[%clk 0:09:12]} Kb7 {[%clk 0:27:22]} 59. Rb6+
{[%clk 0:09:08]} Ka7 {[%clk 0:27:45]} 60. Rb5 {[%clk 0:09:16]} Rh4
{[%clk 0:28:03]} 61. Rg5 {[%clk 0:09:22]} Rh7 {[%clk 0:28:31]} 62. Kb5
{[%clk 0:08:12]} Rf7 {[%clk 0:29:00]} 63. a5 {[%clk 0:08:20]} Rb7+
{[%clk 0:29:21]} 64. Kc5 {[%clk 0:08:23]} Rc7+ {[%clk 0:29:38]} 65. Kd6
{[%clk 0:08:19]} Rc1 {[%clk 0:29:57]} 66. Kd7 {[%clk 0:08:13]} Ka6
{[%clk 0:30:21]} 67. Kd6 {[%clk 0:08:22]} Rc2 {[%clk 0:30:40]} 68. Rh5
{[%clk 0:08:45]} Kb7 {[%clk 0:29:44]} 69. Rh7+ {[%clk 0:08:58]} Ka6
{[%clk 0:30:09]} 70. Rh5 {[%clk 0:09:17]} Rc3 {[%clk 0:30:33]} 71. Rg5
{[%clk 0:09:40]} Rh3 {[%clk 0:26:41]} 72. Kc6 {[%clk 0:09:57]} Rh8
{[%clk 0:26:54]} 73. Kc7 {[%clk 0:10:02]} Rh7+ {[%clk 0:26:35]} 74. Kc6
{[%clk 0:10:25]} Rb7 {[%clk 0:26:40]} 75. Rg8 {[%clk 0:10:13]} Ra7
{[%clk 0:26:57]} 76. Rg5 {[%clk 0:08:54]} Rb7 {[%clk 0:27:11]} 77. Rg8
{[%clk 0:09:17]} Ra7 {[%clk 0:27:33]} 78. Rg5 {[%clk 0:09:39]} Rh7
{[%clk 0:27:57]} 79. Rf5 {[%clk 0:09:57]} Ka7 {[%clk 0:28:13]} 80. Kb5
{[%clk 0:10:05]} Rb7+ {[%clk 0:28:33]} 81. Kc6 {[%clk 0:10:16]} Re7
{[%clk 0:28:51]} 82. Kb5 {[%clk 0:10:34]} Kb7 {[%clk 0:29:06]} 83. Rh5
{[%clk 0:10:36]} Rf7 {[%clk 0:29:27]} 84. Rg5 {[%clk 0:10:52]} Rf1
{[%clk 0:25:03]} 85. Rg7+ {[%clk 0:10:48]} Kb8 {[%clk 0:25:21]} 86. Kb6
{[%clk 0:10:45]} Rf6+ {[%clk 0:25:48]} 87. Kb5 {[%clk 0:10:56]} Rf5+
{[%clk 0:26:14]} 88. Kb6 {[%clk 0:11:13]} Rf6+ {[%clk 0:26:39]} 89. Kb5
{[%clk 0:11:29]} Re6 {[%clk 0:27:01]} 90. Rg8+ {[%clk 0:10:17]} Ka7
{[%clk 0:26:46]} 91. Rg7+ {[%clk 0:10:39]} Ka8 {[%clk 0:26:55]} 92. Rg8+
{[%clk 0:10:44]} Kb7 {[%clk 0:27:09]} 93. Rd8 {[%clk 0:09:49]} Re5+
{[%clk 0:27:33]} 94. Kb4 {[%clk 0:10:05]} Rf5 {[%clk 0:27:56]} 95. Rd7+
{[%clk 0:10:30]} Kc6 {[%clk 0:28:17]} 96. Rd4 {[%clk 0:10:17]} Rb5+
{[%clk 0:28:37]} 97. Ka4 {[%clk 0:10:41]} Rb1 {[%clk 0:28:52]} 98. Rc4+
{[%clk 0:10:48]} Kb7 {[%clk 0:28:22]} 99. Rb4+ {[%clk 0:10:10]} Rxb4+
{[%clk 0:28:09]} 100. Kxb4 {[%clk 0:08:48]} Ka6 {[%clk 0:28:29]} 101. Kc5
{[%clk 0:09:00]} Ka7 {[%clk 0:28:32]} 102. Kd6 {[%clk 0:09:27]} Ka6
{[%clk 0:28:04]} 103. Ke6 {[%clk 0:09:49]} Kxa5 {[%clk 0:27:54]} 1/2-1/2

[Event "Wolrd Chess Olympiad 2018"]
[Site "Batumi"]
[Date "2018.10.01"]
[Round "7"]
[Board "1"]
[WhiteFideId "21100039"]
[White "Bah Ebrima"]
[BlackFideId "15400344"]
[Black "Ieong Seak Hin"]
[Result "1-0"]
[LiveChessVersion "1.4.8"]
[BlackElo "1825"]
[WhiteElo "2066"]

1. e4 {[%clk 1:30:50]} e5 {[%clk 1:30:57]} 2. Nf3 {[%clk 1:31:10]} Nc6
{[%clk 1:31:22]} 3. Bc4 {[%clk 1:31:05]} Nf6 {[%clk 1:31:48]} 4. Ng5
{[%clk 1:29:06]} d5 {[%clk 1:32:14]} 5. exd5 {[%clk 1:28:41]} Nd4
{[%clk 1:31:40]} 6. c3 {[%clk 1:25:30]} b5 {[%clk 1:31:48]} 7. cxd4
{[%clk 1:20:58]} bxc4 {[%clk 1:32:08]} 8. dxe5 {[%clk 1:20:26]} Nxd5
{[%clk 1:31:11]} 9. Qa4+ {[%clk 1:19:16]} Bd7 {[%clk 1:07:50]} 10. Qxc4
{[%clk 1:19:15]} Qxg5 {[%clk 1:07:09]} 11. Qxd5 {[%clk 1:19:15]} Rb8
{[%clk 1:06:03]} 12. O-O {[%clk 1:19:00]} Be7 {[%clk 0:57:37]} 13. d4 Qg6 14. Qf3
{[%clk 1:16:34]} O-O {[%clk 0:55:01]} 15. Nc3 {[%clk 1:16:47]} f5
{[%clk 0:52:06]} 16. b3 {[%clk 1:15:03]} f4 {[%clk 0:43:11]} 17. Nd5
{[%clk 1:13:44]} Bg5 {[%clk 0:43:01]} 18. Ba3 {[%clk 1:10:07]} Rf7
{[%clk 0:39:48]} 19. Rac1 {[%clk 1:08:23]} Bf5 {[%clk 0:38:07]} 20. Rfe1
{[%clk 1:08:22]} h5 {[%clk 0:35:09]} 21. h3 {[%clk 1:07:08]} Bh6 {[%clk 0:29:36]}
22. Rxc7 {[%clk 1:06:23]} Rxc7 {[%clk 0:19:14]} 23. Nxc7 {[%clk 1:04:44]} Kh7
{[%clk 0:18:43]} 24. d5 {[%clk 1:04:16]} Qb6 {[%clk 0:17:32]} 25. d6
{[%clk 1:03:35]} g5 {[%clk 0:16:12]} 26. e6 {[%clk 1:01:35]} g4 {[%clk 0:15:55]}
27. Qd5 {[%clk 1:01:30]} Bg6 {[%clk 0:16:02]} 28. Bc5 {[%clk 1:01:22]} 1-0

[Event "Wolrd Chess Olympiad 2018"]
[Site "Batumi"]
[Date "2018.10.01"]
[Round "7"]
[Board "2"]
[WhiteFideId "15400166"]
[White "Mak Tong Kuan"]
[BlackFideId "21100306"]
[Black "Garber Ousainou"]
[Result "1-0"]
[LiveChessVersion "1.4.8"]
[BlackElo "1701"]
[WhiteElo "1840"]

1. c4 {[%clk 1:30:49]} e5 {[%clk 1:30:31]} 2. Nc3 {[%clk 1:31:03]} Nf6
{[%clk 1:30:30]} 3. g3 {[%clk 1:31:22]} Be7 {[%clk 1:30:36]} 4. Bg2
{[%clk 1:31:24]} c6 {[%clk 1:30:51]} 5. e4 {[%clk 1:20:30]} d6 {[%clk 1:30:35]}
6. Nge2 {[%clk 1:19:12]} O-O {[%clk 1:30:50]} 7. O-O {[%clk 1:18:53]} Be6
{[%clk 1:29:47]} 8. d3 {[%clk 1:12:50]} Qd7 {[%clk 1:29:23]} 9. f4
{[%clk 1:12:22]} Bh3 {[%clk 1:29:11]} 10. f5 {[%clk 1:11:50]} Bxg2
{[%clk 1:28:42]} 11. Kxg2 {[%clk 1:12:19]} a6 {[%clk 1:28:40]} 12. h3
{[%clk 1:09:54]} b5 {[%clk 1:28:52]} 13. b3 {[%clk 1:08:37]} b4 {[%clk 1:25:36]}
14. Na4 {[%clk 1:08:46]} Qc7 {[%clk 1:25:48]} 15. g4 {[%clk 1:04:42]} d5
{[%clk 1:23:29]} 16. Ng3 {[%clk 0:56:20]} dxe4 {[%clk 1:24:07]} 17. dxe4
{[%clk 0:53:31]} Nbd7 {[%clk 1:22:56]} 18. g5 {[%clk 0:44:02]} Ne8
{[%clk 1:22:44]} 19. Be3 {[%clk 0:36:07]} Rd8 {[%clk 1:21:55]} 20. Qg4
{[%clk 0:31:40]} Kh8 {[%clk 1:19:52]} 21. Rf2 {[%clk 0:28:31]} c5
{[%clk 1:15:26]} 22. Raf1 {[%clk 0:23:47]} Qc6 {[%clk 1:14:34]} 23. Kh2
{[%clk 0:21:41]} Qd6 {[%clk 1:09:54]} 24. h4 {[%clk 0:06:41]} Rg8
{[%clk 1:06:58]} 25. Qh5 {[%clk 0:05:53]} g6 {[%clk 1:06:05]} 26. Qg4
{[%clk 0:06:17]} f6 {[%clk 0:59:28]} 27. Rd2 {[%clk 0:05:36]} Qc6
{[%clk 0:59:35]} 28. Rfd1 {[%clk 0:05:25]} fxg5 {[%clk 0:59:01]} 29. hxg5
{[%clk 0:05:32]} gxf5 {[%clk 0:54:58]} 30. Qxf5 {[%clk 0:05:12]} Rf8
{[%clk 0:54:39]} 31. Qg4 {[%clk 0:04:11]} Nd6 {[%clk 0:50:14]} 32. Rd5
{[%clk 0:02:26]} Rf7 {[%clk 0:41:20]} 33. Qe6 {[%clk 0:02:06]} Nf8
{[%clk 0:31:56]} 34. Qxe5+ {[%clk 0:02:34]} Kg8 {[%clk 0:29:55]} 35. Nf5
{[%clk 0:02:35]} Nxf5 {[%clk 0:28:32]} 36. exf5 {[%clk 0:02:57]} Rxd5
{[%clk 0:27:23]} 37. Rxd5 {[%clk 0:03:09]} Nd7 {[%clk 0:25:59]} 38. Qe6
{[%clk 0:02:27]} Qc7+ {[%clk 0:25:52]} 39. Kh3 {[%clk 0:32:32]} Nf8
{[%clk 0:55:50]} 40. Qxa6 {[%clk 0:20:39]} Ng6 {[%clk 0:54:50]} 41. Nxc5
{[%clk 0:07:26]} Nf4+ {[%clk 0:54:24]} 42. Kg4 {[%clk 0:07:32]} Nxd5
{[%clk 0:53:46]} 43. Qa8+ {[%clk 0:07:46]} Bf8 {[%clk 0:50:54]} 44. Qxd5
{[%clk 0:06:37]} h5+ {[%clk 0:41:40]} 45. Kxh5 {[%clk 0:06:01]} Qg3
{[%clk 0:40:33]} 46. Kg6 {[%clk 0:05:29]} Qc7 {[%clk 0:38:50]} 47. Ne4
{[%clk 0:03:24]} Bg7 {[%clk 0:11:43]} 48. Nd6 {[%clk 0:03:17]} Qd7
{[%clk 0:09:16]} 49. Qxf7+ {[%clk 0:03:34]} Qxf7+ {[%clk 0:08:47]} 50. Nxf7
{[%clk 0:03:59]} Bc3 {[%clk 0:07:57]} 51. Nh6+ {[%clk 0:03:50]} Kf8
{[%clk 0:07:50]} 52. Bc5+ {[%clk 0:04:05]} Ke8 {[%clk 0:07:08]} 53. f6
{[%clk 0:04:30]} Bd2 {[%clk 0:01:43]} 54. f7+ {[%clk 0:04:52]} Kd7
{[%clk 0:00:55]} 55. f8=Q 1-0

[Event "Wolrd Chess Olympiad 2018"]
[Site "Batumi"]
[Date "2018.10.01"]
[Round "7"]
[Board "2"]
[WhiteFideId "12000108"]
[White "Mannhart Marcel"]
[BlackFideId "8710651"]
[Black "Mohamed Ali Djama"]
[Result "1-0"]
[LiveChessVersion "1.4.8"]
[BlackElo "1662"]
[WhiteElo "2096"]

1. Nc3 {[%clk 1:30:53]} d5 {[%clk 1:30:50]} 2. e4 {[%clk 1:31:12]} d4
{[%clk 1:30:17]} 3. Nce2 {[%clk 1:31:29]} e5 {[%clk 1:30:29]} 4. Ng3
{[%clk 1:31:53]} Nf6 {[%clk 1:30:35]} 5. Nf3 {[%clk 1:31:25]} Bg4
{[%clk 1:30:53]} 6. Bc4 {[%clk 1:31:25]} Nbd7 {[%clk 1:29:32]} 7. O-O
{[%clk 1:30:19]} Bd6 {[%clk 1:27:45]} 8. h3 {[%clk 1:29:57]} Bxf3
{[%clk 1:23:10]} 9. Qxf3 {[%clk 1:29:54]} g6 {[%clk 1:22:41]} 10. d3
{[%clk 1:28:25]} Qe7 {[%clk 1:18:12]} 11. c3 {[%clk 1:23:08]} O-O-O
{[%clk 1:16:00]} 12. Rd1 {[%clk 1:13:12]} h6 {[%clk 1:11:57]} 13. a3
{[%clk 1:10:52]} Nf8 {[%clk 1:08:34]} 14. cxd4 {[%clk 0:54:23]} exd4
{[%clk 1:08:57]} 15. Bf4 {[%clk 0:54:34]} Bxf4 {[%clk 1:06:40]} 16. Qxf4
{[%clk 0:54:50]} Ne6 {[%clk 1:06:57]} 17. Qe5 {[%clk 0:51:49]} h5
{[%clk 1:03:59]} 18. Rac1 {[%clk 0:51:36]} c6 {[%clk 0:57:54]} 19. Ne2
{[%clk 0:46:40]} Nd7 {[%clk 0:54:43]} 20. Bxe6 {[%clk 0:44:42]} fxe6
{[%clk 0:55:03]} 21. Qxd4 {[%clk 0:44:09]} g5 {[%clk 0:53:24]} 22. Qxa7
{[%clk 0:40:03]} Nb8 {[%clk 0:41:52]} 23. b4 {[%clk 0:36:39]} Qd6
{[%clk 0:26:07]} 24. b5 {[%clk 0:33:23]} g4 {[%clk 0:19:22]} 25. h4
{[%clk 0:33:07]} g3 {[%clk 0:17:58]} 26. Nxg3 {[%clk 0:31:56]} Rhg8
{[%clk 0:17:46]} 27. Ne2 {[%clk 0:27:40]} Rd7 {[%clk 0:11:53]} 28. g3
{[%clk 0:26:28]} Kd8 {[%clk 0:10:46]} 29. bxc6 {[%clk 0:21:18]} bxc6
{[%clk 0:10:42]} 30. Qa5+ {[%clk 0:21:10]} Ke7 {[%clk 0:09:56]} 31. Qxh5
{[%clk 0:20:55]} Kf8 {[%clk 0:08:50]} 32. e5 {[%clk 0:19:50]} Qxa3
{[%clk 0:06:08]} 33. Qh6+ {[%clk 0:17:29]} Rgg7 {[%clk 0:02:16]} 34. Nf4
{[%clk 0:17:17]} 1-0

[Event "Wolrd Chess Olympiad 2018"]
[Site "Batumi"]
[Date "2018.10.01"]
[Round "7"]
[Board "3"]
[WhiteFideId "32500173"]
[White "Mohamed Ali Dima"]
[BlackFideId "12000078"]
[Black "Guller Andras"]
[Result "0-1"]
[LiveChessVersion "1.4.8"]
[BlackElo "2012"]
[WhiteElo "1576"]

1. e4 {[%clk 1:30:56]} c5 {[%clk 1:30:43]} 2. Nf3 {[%clk 1:31:13]} e6
{[%clk 1:30:50]} 3. d4 {[%clk 1:30:54]} cxd4 {[%clk 1:30:17]} 4. Nxd4
{[%clk 1:31:21]} a6 {[%clk 1:30:35]} 5. Bd3 {[%clk 1:31:35]} Nf6 {[%clk 1:30:18]}
6. Be3 {[%clk 1:31:57]} d6 {[%clk 1:29:39]} 7. Nd2 {[%clk 1:31:45]} Nbd7
{[%clk 1:26:30]} 8. Ne2 {[%clk 1:32:00]} Qc7 {[%clk 1:25:39]} 9. h3
{[%clk 1:31:20]} b6 {[%clk 1:23:04]} 10. Ng3 {[%clk 1:29:33]} Bb7
{[%clk 1:19:23]} 11. O-O {[%clk 1:27:47]} g6 {[%clk 1:17:43]} 12. f4
{[%clk 1:27:38]} Bg7 {[%clk 1:15:35]} 13. Qe2 {[%clk 1:27:12]} O-O
{[%clk 1:13:46]} 14. f5 {[%clk 1:24:56]} b5 {[%clk 1:09:34]} 15. c4
{[%clk 1:22:07]} bxc4 {[%clk 1:04:31]} 16. Rac1 {[%clk 1:21:14]} d5
{[%clk 1:02:27]} 17. Qf2 {[%clk 1:20:26]} Qa5 {[%clk 0:56:08]} 18. Bb1
{[%clk 1:20:03]} Rac8 {[%clk 0:55:07]} 19. Nf3 {[%clk 1:19:34]} dxe4
{[%clk 0:54:07]} 20. Nh4 {[%clk 1:13:28]} Ne5 {[%clk 0:47:51]} 21. Bd4
{[%clk 1:09:34]} Nd3 {[%clk 0:46:02]} 22. Bxd3 {[%clk 1:09:44]} exd3
{[%clk 0:46:14]} 23. Bc3 {[%clk 1:07:02]} Qb5 {[%clk 0:42:48]} 24. Qe1
{[%clk 1:06:51]} Qb6+ {[%clk 0:38:18]} 25. Kh1 {[%clk 1:06:40]} Qd8
{[%clk 0:26:11]} 26. fxe6 {[%clk 1:06:36]} fxe6 {[%clk 0:24:33]} 27. Qxe6+
{[%clk 1:07:03]} Rf7 {[%clk 0:22:32]} 28. Nf3 {[%clk 1:02:56]} Bd5
{[%clk 0:21:34]} 29. Qxa6 {[%clk 1:02:33]} Rc6 {[%clk 0:11:47]} 30. Qb5
{[%clk 1:01:38]} Qd7 {[%clk 0:11:27]} 31. Ne5 {[%clk 1:01:04]} Qxh3+
{[%clk 0:11:45]} 32. Kg1 {[%clk 0:58:00]} 0-1

[Event "Wolrd Chess Olympiad 2018"]
[Site "Batumi"]
[Date "2018.10.01"]
[Round "7"]
[Board "1"]
[WhiteFideId "19900023"]
[White "Aw Ousmane"]
[BlackFideId "15800059"]
[Black "Banlock Benjamin Didier"]
[Result "1-0"]
[LiveChessVersion "1.4.8"]
[BlackElo "2058"]
[WhiteElo "1880"]

1. d4 {[%clk 1:30:55]} Nf6 {[%clk 1:30:42]} 2. Nf3 {[%clk 1:31:19]} e6
{[%clk 1:30:26]} 3. Bf4 {[%clk 1:31:41]} b6 {[%clk 1:30:40]} 4. e3
{[%clk 1:31:47]} Bb7 {[%clk 1:31:00]} 5. h3 {[%clk 1:31:45]} Be7 {[%clk 1:31:07]}
6. Be2 {[%clk 1:32:03]} d6 {[%clk 1:30:57]} 7. O-O {[%clk 1:32:21]} Nbd7
{[%clk 1:31:22]} 8. c3 {[%clk 1:32:17]} O-O {[%clk 1:26:06]} 9. Nbd2
{[%clk 1:32:41]} Ne4 {[%clk 1:25:28]} 10. Bd3 {[%clk 1:32:53]} f5
{[%clk 1:22:18]} 11. Qc2 {[%clk 1:30:02]} Nxd2 {[%clk 1:22:28]} 12. Nxd2
{[%clk 1:30:20]} Qe8 {[%clk 1:18:59]} 13. Bc4 {[%clk 1:28:13]} Qg6
{[%clk 1:19:03]} 14. f3 {[%clk 1:26:11]} Kh8 {[%clk 1:18:39]} 15. Bh2
{[%clk 1:20:08]} Bg5 {[%clk 1:12:58]} 16. Rae1 {[%clk 1:17:11]} Qh6
{[%clk 1:09:53]} 17. f4 {[%clk 1:12:04]} Bh4 {[%clk 1:05:30]} 18. Re2 a5
{[%clk 1:03:30]} 19. Nf3 {[%clk 1:10:19]} Rae8 {[%clk 1:01:50]} 20. Bb5
{[%clk 1:10:19]} Re7 {[%clk 1:01:50]} 21. Bd3 {[%clk 1:10:19]} Bxf3
{[%clk 0:35:39]} 22. Rxf3 {[%clk 0:45:29]} d5 {[%clk 0:35:35]} 23. a4
{[%clk 0:40:42]} Rd8 {[%clk 0:32:28]} 24. g3 {[%clk 0:35:55]} Bf6
{[%clk 0:32:02]} 25. g4 {[%clk 0:35:57]} Bh4 {[%clk 0:26:58]} 26. gxf5
{[%clk 0:31:06]} exf5 {[%clk 0:26:37]} 27. Bxf5 {[%clk 0:31:06]} Nf6
{[%clk 0:26:12]} 28. e4 {[%clk 0:23:12]} Qh5 {[%clk 0:22:51]} 29. Rfe3
{[%clk 0:20:01]} dxe4 {[%clk 0:23:13]} 30. Bxe4 Rde8 {[%clk 0:23:21]} 31. Bf3
{[%clk 0:10:02]} Qf7 {[%clk 0:16:36]} 32. Rxe7 {[%clk 0:09:48]} Rxe7
{[%clk 0:17:04]} 33. Rxe7 {[%clk 0:09:54]} Qxe7 {[%clk 0:17:26]} 34. Qe2
{[%clk 0:10:19]} Qd7 {[%clk 0:17:34]} 35. b3 {[%clk 0:06:43]} Qxh3
{[%clk 0:16:26]} 36. Qg2 {[%clk 0:04:48]} Qf5 {[%clk 0:16:09]} 37. Qe2
{[%clk 0:04:03]} Qb1+ {[%clk 0:12:29]} 38. Qd1 {[%clk 0:03:50]} Qxd1+
{[%clk 0:10:28]} 39. Bxd1 {[%clk 0:03:45]} Ne4 {[%clk 0:10:56]} 40. f5
{[%clk 0:32:34]} Nxc3 {[%clk 0:41:07]} 41. Bf3 {[%clk 0:31:53]} Bd8
{[%clk 0:39:45]} 42. Kf2 {[%clk 0:31:52]} Kg8 {[%clk 0:40:07]} 43. Ke3
{[%clk 0:31:48]} Kf7 {[%clk 0:37:42]} 44. Be5 {[%clk 0:29:45]} Na2
{[%clk 0:38:07]} 45. Bd5+ {[%clk 0:26:42]} Kf8 {[%clk 0:38:34]} 46. Bc4
{[%clk 0:25:59]} Nb4 {[%clk 0:38:22]} 47. d5 {[%clk 0:25:20]} h5 {[%clk 0:37:17]}
48. Kf3 {[%clk 0:21:29]} Nc2 {[%clk 0:35:48]} 49. Kf4 {[%clk 0:16:08]} Na3
{[%clk 0:35:41]} 50. Bd3 {[%clk 0:15:33]} Kf7 {[%clk 0:34:35]} 51. d6
{[%clk 0:13:38]} c6 {[%clk 0:31:44]} 52. Bb2 {[%clk 0:13:50]} Ke8
{[%clk 0:31:33]} 53. Bxa3 {[%clk 0:14:02]} Bf6 {[%clk 0:31:56]} 54. Bc4
{[%clk 0:13:30]} Kd7 {[%clk 0:32:02]} 55. Be6+ {[%clk 0:13:24]} Kd8
{[%clk 0:32:25]} 56. Bc1 {[%clk 0:09:28]} Bh4 {[%clk 0:30:54]} 57. Bf7
{[%clk 0:08:53]} Bf6 {[%clk 0:30:21]} 58. Bxh5 {[%clk 0:09:11]} Kd7
{[%clk 0:30:49]} 59. Ke4 {[%clk 0:08:30]} Kxd6 {[%clk 0:30:44]} 60. Bf4+
{[%clk 0:07:32]} Kd7 {[%clk 0:25:44]} 61. Bf7 {[%clk 0:07:09]} Be7
{[%clk 0:21:48]} 62. Be6+ {[%clk 0:06:51]} Kd8 {[%clk 0:20:38]} 63. Be3
{[%clk 0:06:51]} Kc7 {[%clk 0:20:29]} 64. Bf4+ {[%clk 0:06:39]} Kd8
{[%clk 0:20:01]} 65. Be5 {[%clk 0:06:04]} Bf8 {[%clk 0:20:13]} 66. Bc4
{[%clk 0:06:07]} Kd7 {[%clk 0:19:56]} 67. Kf4 {[%clk 0:06:13]} Bd6
{[%clk 0:18:23]} 68. Be6+ {[%clk 0:06:22]} Ke7 {[%clk 0:18:41]} 69. Bxd6+
{[%clk 0:06:36]} Kxd6 {[%clk 0:19:00]} 1-0

[Event "Wolrd Chess Olympiad 2018"]
[Site "Batumi"]
[Date "2018.10.01"]
[Round "7"]
[Board "2"]
[WhiteFideId "16400291"]
[White "Ebosse Kingue Victor Patrick"]
[BlackFideId "19900058"]
[Black "Gueye Elhadji Gorgui"]
[Result "1-0"]
[LiveChessVersion "1.4.8"]
[BlackElo "2026"]
[WhiteElo "2060"]

1. e4 {[%clk 1:30:56]} d6 {[%clk 1:30:49]} 2. d4 {[%clk 1:31:18]} Nf6
{[%clk 1:31:13]} 3. Nc3 {[%clk 1:31:41]} g6 {[%clk 1:31:34]} 4. f4
{[%clk 1:32:01]} Bg7 {[%clk 1:31:53]} 5. Nf3 {[%clk 1:32:24]} O-O
{[%clk 1:31:52]} 6. Bd3 {[%clk 1:32:49]} c5 {[%clk 1:30:58]} 7. d5
{[%clk 1:33:13]} Bg4 {[%clk 1:26:53]} 8. O-O a6 {[%clk 1:23:41]} 9. a4
{[%clk 1:33:47]} e6 {[%clk 1:22:13]} 10. h3 {[%clk 1:33:35]} Bxf3
{[%clk 1:22:38]} 11. Qxf3 {[%clk 1:33:54]} exd5 {[%clk 1:22:29]} 12. exd5
{[%clk 1:34:13]} Nbd7 {[%clk 1:22:36]} 13. Bd2 {[%clk 1:33:10]} Re8
{[%clk 1:21:45]} 14. g4 {[%clk 1:25:08]} Rc8 {[%clk 1:15:35]} 15. b3
{[%clk 1:24:50]} Qb6 {[%clk 1:11:25]} 16. a5 {[%clk 1:23:56]} Qc7
{[%clk 1:10:07]} 17. Rad1 {[%clk 1:24:01]} Re7 {[%clk 1:01:13]} 18. Ne2
{[%clk 1:22:40]} Rce8 {[%clk 0:48:36]} 19. Ng3 {[%clk 1:21:36]} h6
{[%clk 0:46:19]} 20. h4 {[%clk 1:12:58]} Nh7 {[%clk 0:41:13]} 21. Rde1
{[%clk 1:10:44]} Qd8 {[%clk 0:36:41]} 22. h5 {[%clk 1:07:53]} Rxe1
{[%clk 0:35:23]} 23. Rxe1 {[%clk 1:08:14]} Rxe1+ 24. Bxe1 Qh4 {[%clk 0:24:33]}
25. hxg6 {[%clk 1:07:00]} Bd4+ {[%clk 0:21:15]} 26. Kg2 {[%clk 1:06:10]} Nhf6
{[%clk 0:09:17]} 27. gxf7+ {[%clk 1:05:27]} Kxf7 {[%clk 0:09:04]} 28. Bf5
{[%clk 1:02:09]} Nf8 {[%clk 0:06:05]} 29. c3 {[%clk 1:01:45]} 1-0